[Event "EYCC 2024 - G14"]
[Site "?"]
[Date "2024.08.30"]
[Round "8.9"]
[White "Roebers, Bregje"]
[Black "Nenova, Andzhelika"]
[Result "1/2-1/2"]
[BlackElo "1969"]
[WhiteElo "1796"]
[LiveChessVersion "1.4.8"]

1. e4 {[%clk 1:30:51]} c5 {[%clk 1:30:58]} 2. Nc3 {[%clk 1:30:50]} Nc6
{[%clk 1:31:23]} 3. g3 {[%clk 1:30:31]} g6 {[%clk 1:31:48]} 4. Bg2
{[%clk 1:30:04]} Bg7 {[%clk 1:32:13]} 5. f4 {[%clk 1:29:32]} d6 {[%clk 1:32:38]}
6. Nf3 {[%clk 1:27:22]} e6 {[%clk 1:31:20]} 7. O-O {[%clk 1:26:00]} Nge7
{[%clk 1:31:46]} 8. d3 {[%clk 1:22:57]} O-O {[%clk 1:32:09]} 9. Be3
{[%clk 1:18:22]} Rb8 {[%clk 1:24:56]} 10. a4 {[%clk 1:13:32]} a6 {[%clk 1:24:55]}
11. e5 {[%clk 1:03:27]} dxe5 {[%clk 1:19:04]} 12. Nxe5 {[%clk 1:01:00]} Nxe5
{[%clk 1:18:17]} 13. fxe5 {[%clk 1:00:48]} Bxe5 {[%clk 1:18:12]} 14. Bxc5
{[%clk 0:58:13]} Bd4+ {[%clk 1:15:34]} 15. Bxd4 {[%clk 0:55:53]} Qxd4+
{[%clk 1:15:59]} 16. Kh1 {[%clk 0:55:47]} Nf5 {[%clk 1:14:32]} 17. Rf4
{[%clk 0:48:04]} Qg7 {[%clk 1:14:39]} 18. Qd2 {[%clk 0:35:44]} e5
{[%clk 1:10:51]} 19. Rf2 {[%clk 0:35:28]} Nd4 {[%clk 1:08:48]} 20. Raf1
{[%clk 0:33:22]} f5 {[%clk 1:05:45]} 21. Nd5 {[%clk 0:27:38]} Bd7
{[%clk 0:57:49]} 22. c3 {[%clk 0:23:48]} Nb3 {[%clk 0:49:04]} 23. Qc2
{[%clk 0:23:02]} Nc5 {[%clk 0:46:33]} 24. Nb6 {[%clk 0:20:53]} Bc6
{[%clk 0:44:21]} 25. b4 {[%clk 0:19:15]} Bxg2+ {[%clk 0:39:23]} 26. Kxg2
{[%clk 0:19:00]} Nd7 27. Nxd7 {[%clk 0:16:17]} Qxd7 {[%clk 0:39:02]} 28. Re2
{[%clk 0:15:28]} Qd5+ {[%clk 0:38:49]} 29. Kg1 {[%clk 0:15:25]} Rbd8
{[%clk 0:20:00]} 30. c4 {[%clk 0:12:24]} Qxd3 {[%clk 0:15:48]} 31. Qxd3
{[%clk 0:12:32]} Rxd3 {[%clk 0:16:14]} 32. Rxe5 {[%clk 0:12:42]} Rd4
{[%clk 0:16:24]} 33. Rc5 {[%clk 0:11:38]} Re8 {[%clk 0:16:01]} 34. Rf2
{[%clk 0:10:08]} Ree4 {[%clk 0:15:56]} 35. Rc2 {[%clk 0:09:54]} Kf7
{[%clk 0:09:06]} 36. Kf2 {[%clk 0:07:53]} Ke6 {[%clk 0:07:28]} 37. a5
{[%clk 0:07:14]} 1/2-1/2

[Event "EYCC 2024 - G14"]
[Site "?"]
[Date "2024.08.30"]
[Round "8.10"]
[White "Bauer, Laura Sophie"]
[Black "Panagiotopoulou, Nikoletta Christina"]
[Result "1/2-1/2"]
[BlackElo "1731"]
[WhiteElo "1943"]
[LiveChessVersion "1.4.8"]

1. d4 {[%clk 1:30:59]} d5 {[%clk 1:30:42]} 2. c4 {[%clk 1:31:21]} e6
{[%clk 1:31:01]} 3. Nc3 {[%clk 1:31:43]} Nf6 {[%clk 1:31:26]} 4. Nf3
{[%clk 1:32:05]} c6 {[%clk 1:31:50]} 5. Bf4 {[%clk 1:31:49]} Nbd7
{[%clk 1:32:00]} 6. e3 {[%clk 1:31:54]} Be7 {[%clk 1:32:18]} 7. Bd3
{[%clk 1:31:29]} O-O {[%clk 1:32:11]} 8. O-O {[%clk 1:31:35]} Nh5
{[%clk 1:30:22]} 9. Bg3 {[%clk 1:25:34]} Nxg3 {[%clk 1:30:42]} 10. hxg3
{[%clk 1:25:51]} dxc4 {[%clk 1:29:19]} 11. Bxc4 {[%clk 1:26:03]} b5
{[%clk 1:29:14]} 12. Bd3 {[%clk 1:25:41]} Bb7 {[%clk 1:29:03]} 13. Qe2
{[%clk 1:23:45]} a6 {[%clk 1:28:50]} 14. Rfd1 {[%clk 1:22:57]} Qb6
{[%clk 1:26:17]} 15. Rac1 {[%clk 1:18:09]} c5 {[%clk 1:24:37]} 16. b3
{[%clk 1:15:07]} Rac8 {[%clk 1:21:05]} 17. dxc5 {[%clk 1:08:31]} Nxc5 18. Bb1
{[%clk 1:03:57]} b4 {[%clk 1:04:57]} 19. Na4 {[%clk 1:00:39]} Nxa4
{[%clk 1:05:07]} 20. bxa4 {[%clk 1:00:46]} Bc6 {[%clk 0:59:01]} 21. Ne5
{[%clk 0:58:04]} Bxa4 {[%clk 0:55:31]} 22. Rxc8 {[%clk 0:56:01]} Rxc8
{[%clk 0:55:52]} 23. Bxh7+ {[%clk 0:55:25]} Kxh7 {[%clk 0:45:26]} 24. Qh5+
{[%clk 0:55:46]} Kg8 {[%clk 0:45:49]} 25. Qxf7+ {[%clk 0:56:08]} Kh7
{[%clk 0:40:35]} 26. Qh5+ {[%clk 0:55:18]} Kg8 {[%clk 0:40:08]} 27. Qf7+
{[%clk 0:49:32]} Kh7 {[%clk 0:40:25]} 28. Qh5+ {[%clk 0:49:56]} Kg8
{[%clk 0:40:49]} 29. Qf7+ {[%clk 0:50:22]} 1/2-1/2

[Event "EYCC 2024 - G14"]
[Site "?"]
[Date "2024.08.30"]
[Round "8.11"]
[White "Wagner, Cosima Thien-An"]
[Black "Andries, Leia"]
[Result "0-1"]
[BlackElo "1937"]
[WhiteElo "1766"]
[LiveChessVersion "1.4.8"]

1. c4 {[%clk 1:30:59]} c5 {[%clk 1:30:56]} 2. g3 {[%clk 1:31:25]} Nc6
{[%clk 1:31:23]} 3. Bg2 {[%clk 1:31:48]} g6 {[%clk 1:31:49]} 4. Nc3
{[%clk 1:32:09]} Bg7 {[%clk 1:32:16]} 5. Nf3 {[%clk 1:32:28]} e5 {[%clk 1:32:40]}
6. d3 {[%clk 1:31:18]} d6 {[%clk 1:33:03]} 7. a3 {[%clk 1:29:37]} a5
{[%clk 1:33:13]} 8. Bg5 {[%clk 1:24:18]} f6 {[%clk 1:33:02]} 9. Bd2
{[%clk 1:19:02]} Nge7 {[%clk 1:33:04]} 10. Qc1 {[%clk 1:14:01]} Be6
{[%clk 1:24:50]} 11. Bh6 {[%clk 1:06:48]} O-O {[%clk 1:24:16]} 12. Bxg7
{[%clk 1:07:08]} Kxg7 {[%clk 1:24:39]} 13. h4 {[%clk 1:03:53]} h5
{[%clk 1:17:43]} 14. O-O {[%clk 0:58:06]} Rc8 {[%clk 1:09:41]} 15. Nd2
{[%clk 0:52:40]} d5 {[%clk 0:55:01]} 16. cxd5 {[%clk 0:44:35]} Nxd5
{[%clk 0:55:13]} 17. e3 {[%clk 0:39:57]} Nxc3 {[%clk 0:42:56]} 18. Qxc3
{[%clk 0:39:57]} b6 {[%clk 0:43:08]} 19. Ne4 {[%clk 0:35:58]} Rf7
{[%clk 0:38:53]} 20. f4 {[%clk 0:28:50]} Qc7 {[%clk 0:31:56]} 21. Rf2
{[%clk 0:26:25]} Bf5 {[%clk 0:27:55]} 22. Nd2 {[%clk 0:22:06]} exf4
{[%clk 0:24:00]} 23. Rxf4 {[%clk 0:20:57]} Ne5 {[%clk 0:19:13]} 24. e4
{[%clk 0:20:13]} Bg4 {[%clk 0:19:14]} 25. Nc4 {[%clk 0:19:03]} Nxc4
{[%clk 0:18:11]} 26. Qxc4 {[%clk 0:18:11]} Rd8 {[%clk 0:17:22]} 27. Bf3
{[%clk 0:14:29]} Rd4 {[%clk 0:15:24]} 28. Qc3 {[%clk 0:14:47]} Be6
{[%clk 0:14:56]} 29. Rf1 {[%clk 0:12:42]} Bc8 {[%clk 0:12:42]} 30. Be2
{[%clk 0:10:28]} Qe5 {[%clk 0:06:46]} 31. Bd1 {[%clk 0:05:22]} Ba6
{[%clk 0:05:14]} 32. Be2 {[%clk 0:05:03]} c4 {[%clk 0:03:11]} 33. dxc4
{[%clk 0:04:08]} Rxe4 {[%clk 0:03:27]} 34. Qxe5 {[%clk 0:01:10]} Rxe5
{[%clk 0:03:55]} 35. Bf3 {[%clk 0:00:56]} Rd7 {[%clk 0:02:05]} 36. Bc6
{[%clk 0:00:54]} Rd6 {[%clk 0:02:27]} 37. Ba4 {[%clk 0:00:52]} Re2
{[%clk 0:01:29]} 38. b4 {[%clk 0:00:50]} Bb7 {[%clk 0:01:06]} 39. R4f2
{[%clk 0:00:56]} Re3 {[%clk 0:01:24]} 40. c5 {[%clk 0:01:00]} bxc5
{[%clk 0:01:38]} 41. bxc5 {[%clk 0:01:23]} Rxg3+ {[%clk 0:01:39]} 42. Kh2
{[%clk 0:01:50]} Rdd3 {[%clk 0:02:00]} 43. Bd7 {[%clk 0:00:42]} f5
{[%clk 0:02:16]} 44. Rc2 {[%clk 0:00:50]} Rh3+ {[%clk 0:02:34]} 45. Kg1
{[%clk 0:01:17]} Rdg3+ {[%clk 0:02:39]} 46. Kf2 {[%clk 0:01:35]} Rg2+
{[%clk 0:02:56]} 47. Ke1 {[%clk 0:01:54]} Rxc2 {[%clk 0:03:22]} 0-1

[Event "EYCC 2024 - G14"]
[Site "?"]
[Date "2024.08.30"]
[Round "8.12"]
[White "Rudzinskaite, Ula"]
[Black "Biro, Beata"]
[Result "0-1"]
[BlackElo "1926"]
[WhiteElo "1677"]
[LiveChessVersion "1.4.8"]

1. d4 {[%clk 1:30:58]} d5 {[%clk 1:30:53]} 2. c4 {[%clk 1:31:23]} c6
{[%clk 1:31:17]} 3. cxd5 {[%clk 1:31:47]} cxd5 {[%clk 1:31:40]} 4. Nc3
{[%clk 1:32:12]} Nf6 {[%clk 1:31:41]} 5. Bf4 {[%clk 1:32:13]} a6 {[%clk 1:31:26]}
6. e3 {[%clk 1:32:14]} Nc6 {[%clk 1:31:23]} 7. Bd3 {[%clk 1:32:33]} e6
{[%clk 1:31:09]} 8. Nf3 {[%clk 1:32:50]} Be7 {[%clk 1:30:14]} 9. h3
{[%clk 1:31:07]} b5 {[%clk 1:27:51]} 10. O-O {[%clk 1:30:00]} Bb7
{[%clk 1:27:34]} 11. Rc1 {[%clk 1:29:41]} O-O {[%clk 1:24:37]} 12. Bb1
{[%clk 1:27:01]} Rc8 {[%clk 1:22:24]} 13. a3 {[%clk 1:25:25]} Nh5
{[%clk 1:20:13]} 14. Qd3 {[%clk 1:16:04]} f5 {[%clk 1:20:20]} 15. Bh2
{[%clk 1:16:28]} Nf6 {[%clk 1:19:18]} 16. Ng5 {[%clk 1:08:31]} Qd7
{[%clk 1:17:48]} 17. f4 {[%clk 0:53:10]} Na5 {[%clk 1:11:48]} 18. g4
{[%clk 0:47:26]} h6 {[%clk 1:09:42]} 19. Nf3 {[%clk 0:47:09]} Ne4
{[%clk 1:06:34]} 20. Ne5 {[%clk 0:44:52]} Qe8 {[%clk 1:05:06]} 21. gxf5
{[%clk 0:44:44]} exf5 {[%clk 1:05:14]} 22. Nxe4 {[%clk 0:44:32]} fxe4
{[%clk 1:03:55]} 23. Qe2 {[%clk 0:41:26]} Rxc1 {[%clk 0:53:50]} 24. Rxc1
{[%clk 0:41:43]} Bc8 {[%clk 0:52:27]} 25. Ba2 {[%clk 0:29:11]} Nc4
{[%clk 0:51:36]} 26. Kg2 {[%clk 0:27:06]} Rf5 {[%clk 0:47:07]} 27. Nxc4
{[%clk 0:21:03]} bxc4 {[%clk 0:47:10]} 28. Bxc4 {[%clk 0:20:16]} Rh5
{[%clk 0:42:12]} 29. Kh1 {[%clk 0:14:05]} Bxh3 {[%clk 0:34:57]} 30. Bxa6
{[%clk 0:14:08]} Rh4 {[%clk 0:33:43]} 31. Bb7 {[%clk 0:11:58]} Bg4
{[%clk 0:31:52]} 32. Qf2 {[%clk 0:07:11]} Bf3+ {[%clk 0:31:17]} 33. Kg1
{[%clk 0:07:37]} Rg4+ {[%clk 0:31:06]} 34. Kf1 {[%clk 0:07:22]} Qb5+
{[%clk 0:31:25]} 35. Ke1 {[%clk 0:07:28]} Bh4 {[%clk 0:31:39]} 36. Rc8+
{[%clk 0:05:26]} Kh7 {[%clk 0:31:59]} 0-1

[Event "EYCC 2024 - G14"]
[Site "?"]
[Date "2024.08.30"]
[Round "8.13"]
[White "Viti, Greta"]
[Black "Hangyal, Dora"]
[Result "1-0"]
[BlackElo "1646"]
[WhiteElo "1874"]
[LiveChessVersion "1.4.8"]

1. e4 {[%clk 1:30:59]} c5 {[%clk 1:30:57]} 2. Nf3 {[%clk 1:31:24]} Nc6
{[%clk 1:31:24]} 3. Bb5 {[%clk 1:31:51]} d6 {[%clk 1:31:48]} 4. O-O
{[%clk 1:32:14]} Bd7 {[%clk 1:32:09]} 5. Re1 {[%clk 1:32:40]} e5 {[%clk 1:32:25]}
6. c3 {[%clk 1:32:57]} Nf6 {[%clk 1:31:44]} 7. h3 {[%clk 1:33:24]} Qb6
{[%clk 1:31:54]} 8. Bf1 {[%clk 1:30:29]} g6 {[%clk 1:31:18]} 9. Na3
{[%clk 1:28:35]} Bg7 {[%clk 1:26:48]} 10. Nc4 {[%clk 1:25:50]} Qc7
{[%clk 1:27:11]} 11. d4 {[%clk 1:22:42]} b5 {[%clk 1:27:16]} 12. dxe5
{[%clk 1:17:00]} bxc4 {[%clk 1:16:10]} 13. exf6 {[%clk 1:16:38]} Bxf6
{[%clk 1:16:27]} 14. Bh6 {[%clk 1:13:09]} Be6 {[%clk 1:14:31]} 15. Qa4
{[%clk 1:09:01]} Rb8 {[%clk 1:08:17]} 16. Rad1 {[%clk 0:55:54]} Rxb2
{[%clk 1:05:15]} 17. Re3 {[%clk 0:49:10]} Rg8 {[%clk 0:57:07]} 18. Bxc4
{[%clk 0:41:57]} g5 {[%clk 0:53:03]} 19. Bxe6 {[%clk 0:34:20]} fxe6
{[%clk 0:53:22]} 20. Red3 {[%clk 0:33:19]} Be7 {[%clk 0:50:04]} 21. Bxg5
{[%clk 0:25:35]} Bxg5 {[%clk 0:41:33]} 22. Rxd6 {[%clk 0:25:49]} Rb1
{[%clk 0:40:55]} 23. Rxe6+ {[%clk 0:22:31]} Kf7 {[%clk 0:41:17]} 24. Rxb1
{[%clk 0:21:55]} Kxe6 {[%clk 0:41:32]} 25. Qc4+ {[%clk 0:22:20]} 1-0

[Event "EYCC 2024 - G14"]
[Site "?"]
[Date "2024.08.30"]
[Round "8.14"]
[White "Kravchenko, Anastasiia"]
[Black "Kammova, Katerina"]
[Result "1-0"]
[BlackElo "1867"]
[WhiteElo "1690"]
[LiveChessVersion "1.4.8"]

1. e4 {[%clk 1:30:57]} d5 {[%clk 1:30:56]} 2. exd5 {[%clk 1:31:21]} Qxd5
{[%clk 1:31:22]} 3. Nf3 {[%clk 1:31:41]} Nf6 {[%clk 1:31:38]} 4. d4
{[%clk 1:31:55]} g6 {[%clk 1:31:45]} 5. Be2 {[%clk 1:32:08]} Bg7 {[%clk 1:32:01]}
6. c4 {[%clk 1:32:06]} Qd6 {[%clk 1:23:09]} 7. Nc3 {[%clk 1:29:01]} c6
{[%clk 1:22:16]} 8. O-O {[%clk 1:15:04]} O-O {[%clk 1:22:21]} 9. Ne5
{[%clk 1:13:55]} Nfd7 {[%clk 1:12:26]} 10. f4 {[%clk 1:13:20]} c5
{[%clk 1:02:07]} 11. Be3 {[%clk 1:09:46]} cxd4 {[%clk 0:55:43]} 12. Nb5
{[%clk 1:09:30]} Qb6 {[%clk 0:54:26]} 13. Bxd4 {[%clk 1:08:53]} Qd8
{[%clk 0:54:39]} 14. Nxa7 {[%clk 1:02:20]} Nxe5 {[%clk 0:47:39]} 15. fxe5
{[%clk 1:02:43]} Bd7 {[%clk 0:46:10]} 16. Nb5 {[%clk 1:02:11]} Nc6
{[%clk 0:41:07]} 17. Bf3 {[%clk 0:56:24]} Bxe5 {[%clk 0:39:37]} 18. Bxe5
{[%clk 0:54:43]} Nxe5 {[%clk 0:39:59]} 19. Be2 {[%clk 0:43:28]} Bc6
{[%clk 0:25:45]} 20. Kh1 {[%clk 0:39:47]} Qxd1 {[%clk 0:23:25]} 21. Rfxd1
{[%clk 0:39:39]} Rfd8 {[%clk 0:22:04]} 22. Nc3 {[%clk 0:39:16]} e6
{[%clk 0:19:56]} 23. b4 {[%clk 0:34:27]} b6 {[%clk 0:14:21]} 24. Kg1
{[%clk 0:29:19]} Kf8 {[%clk 0:11:42]} 25. Rxd8+ {[%clk 0:19:37]} Rxd8
{[%clk 0:12:00]} 26. a4 {[%clk 0:19:54]} Rd2 {[%clk 0:10:57]} 27. b5
{[%clk 0:19:29]} Bb7 {[%clk 0:09:53]} 28. a5 {[%clk 0:19:21]} bxa5
{[%clk 0:04:19]} 29. Rxa5 {[%clk 0:18:10]} Nxc4 {[%clk 0:04:24]} 30. Bxc4
{[%clk 0:17:46]} Rxg2+ {[%clk 0:04:49]} 31. Kf1 {[%clk 0:18:07]} Rxh2
{[%clk 0:04:47]} 32. Ra7 {[%clk 0:17:18]} Rh1+ {[%clk 0:03:58]} 33. Ke2
{[%clk 0:16:04]} Rh2+ {[%clk 0:04:12]} 34. Ke3 {[%clk 0:15:14]} Bh1
{[%clk 0:03:27]} 35. Be2 {[%clk 0:13:54]} e5 {[%clk 0:02:37]} 36. b6
{[%clk 0:13:35]} Rh3+ {[%clk 0:02:26]} 37. Kd2 {[%clk 0:13:55]} f5
{[%clk 0:02:31]} 38. b7 {[%clk 0:12:01]} Bxb7 {[%clk 0:02:45]} 39. Rxb7
{[%clk 0:12:28]} Rh2 {[%clk 0:02:37]} 40. Nd5 {[%clk 0:12:07]} h5
{[%clk 0:02:18]} 41. Ke1 {[%clk 0:11:49]} Rh1+ {[%clk 0:01:46]} 42. Kf2
{[%clk 0:12:04]} Rc1 {[%clk 0:02:10]} 43. Ne7 {[%clk 0:11:52]} Kf7
{[%clk 0:01:53]} 44. Nxf5+ {[%clk 0:12:13]} Kf6 {[%clk 0:02:19]} 45. Nh4
{[%clk 0:12:10]} Rc6 {[%clk 0:01:00]} 46. Rh7 {[%clk 0:10:07]} e4
{[%clk 0:00:33]} 47. Bxh5 {[%clk 0:08:47]} Kg5 {[%clk 0:00:33]} 48. Bxg6
{[%clk 0:07:51]} Kf4 {[%clk 0:00:34]} 49. Ng2+ {[%clk 0:08:05]} Ke5
{[%clk 0:00:59]} 50. Rh5+ {[%clk 0:06:02]} Kd4 {[%clk 0:01:03]} 51. Bh7
{[%clk 0:06:16]} Rc2+ {[%clk 0:00:48]} 52. Kf1 {[%clk 0:06:40]} Rc1+
{[%clk 0:00:35]} 53. Ne1 {[%clk 0:07:04]} Ke3 {[%clk 0:00:50]} 54. Rh4
{[%clk 0:06:04]} Rc4 {[%clk 0:00:37]} 55. Ng2+ {[%clk 0:06:00]} Kd3
{[%clk 0:00:57]} 56. Bg6 {[%clk 0:05:04]} Rb4 {[%clk 0:01:08]} 57. Ne1+ Kd2
{[%clk 0:00:33]} 58. Bxe4 {[%clk 0:04:26]} Kd1 {[%clk 0:00:32]} 59. Bf3+
{[%clk 0:04:46]} Kd2 {[%clk 0:00:45]} 60. Rxb4 {[%clk 0:04:59]} Kc1
{[%clk 0:01:12]} 61. Rd4 Kb1 {[%clk 0:01:35]} 62. Rc4 {[%clk 0:05:16]} Ka1
{[%clk 0:02:01]} 63. Rb4 {[%clk 0:05:37]} Ka2 {[%clk 0:02:24]} 64. Bd5+
{[%clk 0:05:54]} Ka1 {[%clk 0:02:50]} 65. Nc2# {[%clk 0:06:17]} 1-0